Statistics for Star Wars TV Shows

Click here to take the quiz!

General Stats

  • This quiz has been taken 20 times
    (12 since last reset)
  • The average score is 5 of 7

Answer Stats

# of Seasons# of EpisodesDatesChannelAnswer% Correct
61212008-2015Cartoon NetworkThe Clone Wars
100%
4752014-2018Disney XDRebels
100%
3252003-2005Cartoon NetworkClone Wars
100%
1N/A2018Disney XDResistance
56%
2351985-1986ABCEwoks
44%
2322017-2018YouTubeForces of Destiny
44%
1131985-1986ABCDroids
44%

Score Distribution

Percentile by Number Answered

Percent of People with Each Score

Your Score History

You have not taken this quiz since the last reset